[Event "SN-2014-0-00613"]
[White "Sagi, Raju"]
[Black "Fridich, Vaclav Sr"]
[Site "LSS email"]
[Round "?"]
[Result "0-1"]
[Date "2014.07.28"]
[WhiteElo "479"]
[BlackElo "933"]
[PlyCount "48"]
[EventDate "2014.07.12"]
[EventType "tourn (corr)"]
[EventRounds "6"]
[EventCountry "GER"]
[SourceTitle "Corr 2015"]
[Source "ChessBase"]
[SourceDate "2015.07.17"]
[SourceVersion "1"]
[SourceVersionDate "2015.07.17"]
[SourceQuality "1"]

1. d4 Nf6 2. e3 d5 3. Nf3 e6 4. c3 c5 5. g3 Nc6 6. Bg2 Be7 7. 0-0 0-0 8. Nbd2 Qc7 9. Re1 b6 10. c4 Bb7 11. b3 Nb4 12. Ba3 a5 13. Bxb4 axb4 14. Qc2 h6 15. Ne5 dxc4 16. Bxb7 cxb3 17. axb3 Qxb7 18. Ndc4 Rfd8 19. Ra4 Rxa4 20. bxa4 Nd5 21. Rb1 Nc3 22. Rb3 cxd4 23. Qd2 dxe3 24. Qxe3 Rd1+ 0-1

[Event "SN-2014-0-00574"]
[White "Devies, Stefaan"]
[Black "Sagi, Raju"]
[Site "LSS email"]
[Round "?"]
[Result "1-0"]
[Date "2014.02.11"]
[WhiteElo "902"]
[BlackElo "473"]
[PlyCount "71"]
[EventDate "2014.01.20"]
[EventType "tourn (corr)"]
[EventRounds "6"]
[EventCountry "GER"]
[SourceTitle "Telechess CBM 167"]
[Source "ChessBase"]
[SourceDate "2015.07.13"]
[SourceVersion "1"]
[SourceVersionDate "2015.07.13"]
[SourceQuality "1"]

1. Nf3 d5 2. c4 d4 3. g3 Nc6 4. Bg2 e5 5. d3 Nf6 6. 0-0 g6 7. Re1 Bb4 8. Bd2 0-0 9. e3 dxe3 10. Bxb4 Nxb4 11. Rxe3 c5 12. Nxe5 Be6 13. Nc3 Rb8 14. a3 b5 15. axb4 bxc4 16. Nc6 Qb6 17. Nxb8 Rxb8 18. b5 Rd8 19. Ra6 cxd3 20. Rxb6 axb6 21. Rxd3 Re8 22. Rd8 Rxd8 23. Qxd8+ Kg7 24. Bd5 Nxd5 25. Nxd5 Bxd5 26. Qxd5 h5 27. Kg2 f6 28. Qb7+ Kh6 29. Kf3 f5 30. Kf4 c4 31. Qc8 Kg7 32. Kg5 c3 33. bxc3 Kf7 34. Qd7+ Kf8 35. Kf6 Kg8 36. Qg7# 1-0

[Event "SN-2014-0-00574"]
[White "Ortiz, Juan Guillermo"]
[Black "Sagi, Raju"]
[Site "LSS email"]
[Round "?"]
[Result "0-1"]
[Date "2014.02.11"]
[WhiteElo "630"]
[BlackElo "473"]
[PlyCount "66"]
[EventDate "2014.01.20"]
[EventType "tourn (corr)"]
[EventRounds "6"]
[EventCountry "GER"]
[SourceTitle "Telechess CBM 167"]
[Source "ChessBase"]
[SourceDate "2015.07.13"]
[SourceVersion "1"]
[SourceVersionDate "2015.07.13"]
[SourceQuality "1"]

1. e4 e5 2. Nf3 d6 3. h3 Nf6 4. Nc3 g6 5. d4 Bg7 6. d5 0-0 7. Bg5 Qd7 8. Bc4 c6 9. 0-0 cxd5 10. Bxd5 Nc6 11. a3 Qc7 12. b4 Nd4 13. Nxd4 Qxc3 14. Nb5 Qb2 15. Nxd6 Nxd5 16. Nc4 Qc3 17. exd5 Qxc4 18. d6 Qc6 19. Ra2 b5 20. Re1 Bd7 21. Re3 Rfe8 22. g4 Re6 23. Rd3 Qe4 24. c3 Bc6 25. f3 Qc4 26. Rad2 Rd8 27. Be3 e4 28. Rd4 Qxc3 29. fxe4 Qxe3+ 30. Kg2 Bxe4+ 31. Kf1 Qxh3+ 32. Kf2 Qg2+ 33. Ke3 Qg3+ 0-1

[Event "SN-2013-0-00546"]
[White "Sagi, Raju"]
[Black "Vontina, Maria"]
[Site "LSS email"]
[Round "?"]
[Result "0-1"]
[Date "2013.10.17"]
[WhiteElo "466"]
[BlackElo "717"]
[PlyCount "86"]
[EventDate "2013.10.03"]
[EventType "tourn (corr)"]
[EventRounds "6"]
[EventCountry "GER"]
[SourceTitle "Telechess CBM 167"]
[Source "ChessBase"]
[SourceDate "2015.07.13"]
[SourceVersion "1"]
[SourceVersionDate "2015.07.13"]
[SourceQuality "1"]

1. d4 Nf6 2. Nf3 d5 3. e3 Bg4 4. Be2 e6 5. Ne5 Bxe2 6. Qxe2 Be7 7. 0-0 0-0 8. Nc3 a6 9. a4 c5 10. b3 Nbd7 11. Ba3 cxd4 12. exd4 Bxa3 13. Rxa3 Rc8 14. Qf3 Qc7 15. Ne2 Qxc2 16. Raa1 Nxe5 17. Qe3 Ng6 18. Rfc1 Qe4 19. Qd2 Ne7 20. Re1 Rc7 21. Ng3 Qg6 22. Rac1 Nc6 23. b4 Rfc8 24. Rc5 Nd7 25. Rcc1 Na7 26. Qf4 Rc6 27. Rb1 Qf6 28. Qg4 Rc4 29. Nh5 Qg6 30. Qh4 Nc6 31. b5 Rxd4 32. Nf4 Qf5 33. g3 axb5 34. Qh5 Qxh5 35. Nxh5 Rxa4 36. Rxb5 Nd8 37. Rbb1 Rac4 38. Nf4 Nc5 39. Rbc1 Nb3 40. Ne2 Nxc1 41. Rxc1 Rxc1+ 42. Nxc1 Rxc1+ 43. Kg2 b5 0-1

[Event "SN-2013-0-00532"]
[White "Fridich, Vaclav Sr"]
[Black "Sagi, Raju"]
[Site "LSS email"]
[Round "?"]
[Result "1-0"]
[Date "2013.08.16"]
[WhiteElo "956"]
[BlackElo "460"]
[PlyCount "89"]
[EventDate "2013.07.28"]
[EventType "tourn (corr)"]
[EventRounds "6"]
[EventCountry "GER"]
[SourceTitle "Telechess CBM 163"]
[Source "ChessBase"]
[SourceDate "2014.11.11"]
[SourceVersion "2"]
[SourceVersionDate "2014.11.11"]
[SourceQuality "1"]

1. e4 e5 2. Nf3 d6 3. Bc4 Be6 4. Bxe6 fxe6 5. d4 exd4 6. Qxd4 e5 7. Qd3 Nf6 8. Nc3 Nc6 9. 0-0 Qd7 10. h3 0-0-0 11. a3 Nd4 12. Nxd4 exd4 13. Qxd4 b6 14. Bg5 Re8 15. Bxf6 gxf6 16. Qxf6 Bg7 17. Qf3 Be5 18. Rae1 Ref8 19. Qd3 Bxc3 20. Qxc3 Rfg8 21. Rd1 Qe6 22. Rd3 Qg6 23. Rg3 Qxe4 24. Rxg8+ Rxg8 25. f3 Qe2 26. Rf2 Qe5 27. Qxe5 dxe5 28. Re2 Rd8 29. Kf2 Re8 30. g3 Kd7 31. b4 Ke6 32. f4 Rd8 33. Rxe5+ Kf6 34. Ke2 Rd6 35. c3 Re6 36. Rxe6+ Kxe6 37. c4 h5 38. Ke3 Kf5 39. Kf3 Kg6 40. Ke4 Kf6 41. g4 hxg4 42. hxg4 a6 43. Kd5 Ke7 44. Kc6 Kd8 45. g5 1-0

[Event "SN-2013-0-00532"]
[White "Sagi, Raju"]
[Black "Linart, Ludvik"]
[Site "LSS email"]
[Round "?"]
[Result "0-1"]
[Date "2013.08.16"]
[WhiteElo "460"]
[BlackElo "929"]
[PlyCount "74"]
[EventDate "2013.07.28"]
[EventType "tourn (corr)"]
[EventRounds "6"]
[EventCountry "GER"]
[SourceTitle "Telechess CBM 163"]
[Source "ChessBase"]
[SourceDate "2014.11.11"]
[SourceVersion "2"]
[SourceVersionDate "2014.11.11"]
[SourceQuality "1"]

1. d4 f5 2. e3 g6 3. Nf3 Bg7 4. Nc3 Nf6 5. g3 0-0 6. Bg2 d5 7. 0-0 Ne4 8. Ne5 Bxe5 9. Nxe4 Bg7 10. Ng5 c6 11. c3 Nd7 12. b3 Nf6 13. a4 Ne8 14. c4 Nc7 15. cxd5 cxd5 16. Qc2 h6 17. Nf3 Bd7 18. Ne5 Bxe5 19. dxe5 Rc8 20. Qc5 b6 21. Bxd5+ e6 22. Qb4 Nxd5 23. Qh4 Qxh4 24. gxh4 Rc2 25. f4 Rfc8 26. Ba3 Nxe3 27. Rf3 Re2 28. Rf2 Rxf2 29. Kxf2 Ng4+ 30. Kg1 Rc2 31. h3 Ne3 32. Rc1 Bc6 33. Re1 Rg2+ 34. Kh1 Re2+ 35. Kg1 Rxe1+ 36. Kf2 Ra1 37. Kxe3 Rxa3 0-1

[Event "SN-2013-0-00532"]
[White "Sagi, Raju"]
[Black "Villar, Jeremias"]
[Site "LSS email"]
[Round "?"]
[Result "0-1"]
[Date "2013.08.16"]
[WhiteElo "460"]
[BlackElo "928"]
[PlyCount "74"]
[EventDate "2013.07.28"]
[EventType "tourn (corr)"]
[EventRounds "6"]
[EventCountry "GER"]
[SourceTitle "Telechess CBM 163"]
[Source "ChessBase"]
[SourceDate "2014.11.11"]
[SourceVersion "2"]
[SourceVersionDate "2014.11.11"]
[SourceQuality "1"]

1. e4 c5 2. d3 Nc6 3. Nf3 d6 4. Nc3 Bg4 5. g3 Nd4 6. Bg2 h6 7. 0-0 Nf6 8. Nd5 e6 9. Ne3 Bh5 10. Nxd4 Bxd1 11. Rxd1 cxd4 12. Nc4 e5 13. b3 b5 14. Nd2 Be7 15. a4 b4 16. Nc4 0-0 17. Bd2 a5 18. Rac1 Nh5 19. Bf3 Nf6 20. Be2 Qc7 21. f4 exf4 22. Bxf4 Qc5 23. Bf3 Rad8 24. Re1 d5 25. exd5 Nxd5 26. Be5 Bg5 27. Rcd1 Ne3 28. Rd2 Nxc4 29. Rde2 Ne3 30. Bf4 Bxf4 31. gxf4 Qf5 32. Be4 Qxf4 33. Rf2 Qh4 34. Ree2 f5 35. Bg2 Ng4 36. h3 Nxf2 37. Rxf2 Rde8 0-1

[Event "SN-2013-0-00518"]
[White "Sagi, Raju"]
[Black "Molina, Vicente Andres"]
[Site "LSS email"]
[Round "?"]
[Result "1-0"]
[Date "2013.06.22"]
[WhiteElo "484"]
[BlackElo "773"]
[PlyCount "93"]
[EventDate "2013.05.31"]
[EventType "tourn (corr)"]
[EventRounds "6"]
[EventCountry "GER"]
[SourceTitle "Telechess CBM 163"]
[Source "ChessBase"]
[SourceDate "2014.11.11"]
[SourceVersion "2"]
[SourceVersionDate "2014.11.11"]
[SourceQuality "1"]

1. d4 d5 2. e3 e6 3. Nc3 Nf6 4. Nf3 Bd6 5. Be2 0-0 6. 0-0 c6 7. h3 Nbd7 8. Ne5 Nxe5 9. dxe5 Bxe5 10. b3 Bxc3 11. Rb1 e5 12. Bb2 Bxb2 13. Rxb2 Be6 14. Rb1 Qc7 15. c4 dxc4 16. Bxc4 Rad8 17. Qc2 Bxc4 18. bxc4 b6 19. c5 Rd5 20. cxb6 axb6 21. Rfd1 Rfd8 22. Rxd5 Rxd5 23. Rb4 e4 24. g3 Qd7 25. g4 h6 26. Rxb6 c5 27. a4 Rd1+ 28. Kg2 Nxg4 29. Qxe4 f5 30. Qc4+ Rd5 31. hxg4 fxg4 32. e4 g3 33. Kxg3 Qc7+ 34. Kf3 Qxb6 35. exd5 Qb4 36. Qa6 Qb3+ 37. Ke4 Qb4+ 38. Ke5 Qd4+ 39. Ke6 Qe4+ 40. Kd6 h5 41. Kxc5 h4 42. d6 Qc2+ 43. Qc4+ Qxc4+ 44. Kxc4 h3 45. d7 h2 46. d8Q+ Kh7 47. Qh4+ 1-0

[Event "SN-2013-0-00511"]
[White "Kaupat, Lothar"]
[Black "Sagi, Raju"]
[Site "LSS email"]
[Round "?"]
[Result "0-1"]
[Date "2013.05.22"]
[WhiteElo "829"]
[BlackElo "484"]
[PlyCount "24"]
[EventDate "2013.04.30"]
[EventType "tourn (corr)"]
[EventRounds "6"]
[EventCountry "GER"]
[SourceTitle "Corr 2015"]
[Source "ChessBase"]
[SourceDate "2015.07.17"]
[SourceVersion "1"]
[SourceVersionDate "2015.07.17"]
[SourceQuality "1"]

1. d4 d5 2. c4 e6 3. cxd5 exd5 4. Nc3 c6 5. Nf3 Nf6 6. Bg5 g6 7. e4 dxe4 8. Nxe4 Be7 9. Bc4 Nxe4 10. Bxe7 Qxe7 11. 0-0 Be6 12. Re1 Bxc4 0-1

[Event "SN-2013-0-00511"]
[White "Sagi, Raju"]
[Black "Lebduska, Daniel"]
[Site "LSS email"]
[Round "?"]
[Result "0-1"]
[Date "2013.05.22"]
[WhiteElo "484"]
[BlackElo "668"]
[PlyCount "76"]
[EventDate "2013.04.30"]
[EventType "tourn (corr)"]
[EventRounds "6"]
[EventCountry "GER"]
[SourceTitle "Telechess CBM 163"]
[Source "ChessBase"]
[SourceDate "2014.11.11"]
[SourceVersion "2"]
[SourceVersionDate "2014.11.11"]
[SourceQuality "1"]

1. e4 e6 2. d3 Nc6 3. Nf3 Nf6 4. g3 Bc5 5. Bg2 h6 6. 0-0 0-0 7. Nc3 a6 8. Be3 Bxe3 9. fxe3 Ng4 10. Nd4 Nxe3 11. Qd2 Nxg2 12. Nxc6 dxc6 13. Qxg2 Bd7 14. Rf3 b5 15. Raf1 c5 16. Qf2 f6 17. Qxc5 c6 18. Re1 e5 19. Rd1 Kh8 20. h4 Bg4 21. Rff1 Bxd1 22. Rxd1 a5 23. Qxc6 b4 24. Nd5 Rc8 25. Qa4 g5 26. h5 f5 27. b3 f4 28. gxf4 gxf4 29. Kf2 Qh4+ 30. Ke2 Rxc2+ 31. Rd2 Rc1 32. d4 Qe1+ 33. Kd3 Qg3+ 34. Ke2 f3+ 35. Kd3 f2+ 36. Ne3 f1Q+ 37. Re2 Rc3+ 38. Kd2 Qc1# 0-1

[Event "SN-2013-0-00499"]
[White "Sagi, Raju"]
[Black "Holmquist, Marson C"]
[Site "LSS email"]
[Round "?"]
[Result "1-0"]
[Date "2013.04.04"]
[WhiteElo "459"]
[BlackElo "593"]
[PlyCount "75"]
[EventDate "2013.03.14"]
[EventType "tourn (corr)"]
[EventRounds "6"]
[EventCountry "GER"]
[SourceTitle "Telechess CBM 163"]
[Source "ChessBase"]
[SourceDate "2014.11.11"]
[SourceVersion "2"]
[SourceVersionDate "2014.11.11"]
[SourceQuality "1"]

1. d4 d5 2. e3 g6 3. Nf3 Nc6 4. Bd3 Bg7 5. 0-0 Nf6 6. Nc3 0-0 7. Ng5 Bg4 8. f3 Bd7 9. e4 dxe4 10. Bxe4 h6 11. Nh3 Bxh3 12. gxh3 Nxe4 13. Nxe4 Nxd4 14. Be3 e5 15. Bxd4 exd4 16. Qd3 Qd7 17. Rae1 Qxh3 18. Nf2 Rae8 19. Nxh3 Rd8 20. f4 f5 21. Re6 c5 22. Rxg6 Rd7 23. Qc4+ Kh7 24. Rg3 a6 25. Qxc5 Rfd8 26. Qxf5+ Kh8 27. Qe4 d3 28. f5 Rd4 29. Qxb7 Rg8 30. cxd3 a5 31. f6 Rb4 32. Qxg7+ Rxg7 33. Rxg7 Rxb2 34. f7 Rb1 35. Rg8+ Kh7 36. f8Q Rxf1+ 37. Kxf1 a4 38. Qg7# 1-0

[Event "SN-2013-0-00499"]
[White "Smith, Harry E"]
[Black "Sagi, Raju"]
[Site "LSS email"]
[Round "?"]
[Result "1-0"]
[Date "2013.04.03"]
[WhiteElo "673"]
[BlackElo "459"]
[PlyCount "79"]
[EventDate "2013.03.14"]
[EventType "tourn (corr)"]
[EventRounds "6"]
[EventCountry "GER"]
[SourceTitle "Telechess CBM 163"]
[Source "ChessBase"]
[SourceDate "2014.11.11"]
[SourceVersion "2"]
[SourceVersionDate "2014.11.11"]
[SourceQuality "1"]

1. e4 e5 2. Nf3 d6 3. d3 Nc6 4. g3 Nf6 5. Bg2 Be7 6. 0-0 0-0 7. Nc3 d5 8. Re1 dxe4 9. Nxe4 Nxe4 10. Rxe4 Nd4 11. Rxe5 Nxf3+ 12. Qxf3 Bf6 13. Re1 Re8 14. Rxe8+ Qxe8 15. c3 a5 16. d4 Ra6 17. Qf4 Rd6 18. d5 b6 19. Be3 Bb7 20. c4 Bxb2 21. Re1 Be5 22. Qg4 g6 23. Bh6 f6 24. f4 Bd4+ 25. Kf1 Qf7 26. f5 g5 27. Qxd4 c5 28. Qc3 Bc8 29. g4 Bd7 30. a3 a4 31. Be4 b5 32. cxb5 Bxb5+ 33. Kg1 c4 34. Qa5 Be8 35. Qa8 Rd7 36. Bf3 Re7 37. Rc1 Re3 38. d6 Rxa3 39. Bd5 Qxd5 40. Qxe8# 1-0

[Event "SN-2013-0-00485"]
[White "Sagi, Raju"]
[Black "Newton, Daryl"]
[Site "LSS email"]
[Round "?"]
[Result "1-0"]
[Date "2013.01.22"]
[WhiteElo "459"]
[BlackElo "526"]
[PlyCount "37"]
[EventDate "2013.01.08"]
[EventType "tourn (corr)"]
[EventRounds "6"]
[EventCountry "GER"]
[SourceTitle "Corr 2015"]
[Source "ChessBase"]
[SourceDate "2015.07.17"]
[SourceVersion "1"]
[SourceVersionDate "2015.07.17"]
[SourceQuality "1"]

1. d4 Nf6 2. e3 d5 3. Nc3 Bg4 4. f3 Bd7 5. b3 Nc6 6. Bb2 e5 7. Qd2 Be7 8. 0-0-0 a5 9. dxe5 Nxe5 10. Bb5 c6 11. f4 Neg4 12. Bd3 0-0 13. g3 b5 14. h3 b4 15. hxg4 bxc3 16. Qxc3 Re8 17. g5 Nh5 18. Rxh5 f5 19. Qxg7# 1-0

[Event "SN-2012-0-00474"]
[White "Popov, Misha"]
[Black "Sagi, Raju"]
[Site "LSS email"]
[Round "?"]
[Result "1-0"]
[Date "2012.12.07"]
[WhiteElo "908"]
[BlackElo "453"]
[PlyCount "49"]
[EventDate "2012.11.16"]
[EventType "tourn (corr)"]
[EventRounds "6"]
[EventCountry "GER"]
[SourceTitle "Telechess CBM 159"]
[Source "ChessBase"]
[SourceDate "2014.03.17"]
[SourceVersion "1"]
[SourceVersionDate "2014.03.17"]
[SourceQuality "1"]

1. e4 e5 2. Nf3 d6 3. d4 Bd7 4. Nc3 Nf6 5. dxe5 dxe5 6. Nxe5 Bd6 7. Nxd7 Qxd7 8. Bd3 0-0 9. h3 Qe7 10. 0-0 Qe5 11. f4 Qd4+ 12. Kh1 Re8 13. e5 Bxe5 14. fxe5 Rxe5 15. Bf4 Re8 16. Bxh7+ Nxh7 17. Qxd4 Na6 18. Rae1 Red8 19. Qe4 b6 20. Nd5 g6 21. Nxc7 Nxc7 22. Bxc7 Re8 23. Qxe8+ Rxe8 24. Rxe8+ Kg7 25. Be5+ 1-0

[Event "SN-2012-0-00474"]
[White "Neumann, Frank"]
[Black "Sagi, Raju"]
[Site "LSS email"]
[Round "?"]
[Result "0-1"]
[Date "2012.12.06"]
[WhiteElo "539"]
[BlackElo "453"]
[PlyCount "26"]
[EventDate "2012.11.16"]
[EventType "tourn (corr)"]
[EventRounds "6"]
[EventCountry "GER"]
[SourceTitle "Corr 2015"]
[Source "ChessBase"]
[SourceDate "2015.07.17"]
[SourceVersion "1"]
[SourceVersionDate "2015.07.17"]
[SourceQuality "1"]

1. b4 d5 2. Bb2 e6 3. e3 Bxb4 4. Bxg7 Nf6 5. Bxh8 Ke7 6. Bxf6+ Kxf6 7. Qf3+ Ke7 8. a3 Ba5 9. Bd3 Nd7 10. Bxh7 Qh8 11. Qh3 Qxa1 12. Qh4+ Nf6 13. Ne2 Qxb1+ 0-1

[Event "SN-2012-0-00464"]
[White "Sagi, Raju"]
[Black "Bester, Kazimierz"]
[Site "LSS email"]
[Round "?"]
[Result "0-1"]
[Date "2012.10.07"]
[WhiteElo "453"]
[BlackElo "775"]
[PlyCount "48"]
[EventDate "2012.09.09"]
[EventType "tourn (corr)"]
[EventRounds "6"]
[EventCountry "GER"]
[SourceTitle "Telechess CBM 159"]
[Source "ChessBase"]
[SourceDate "2014.03.17"]
[SourceVersion "1"]
[SourceVersionDate "2014.03.17"]
[SourceQuality "1"]

1. d4 d5 2. e3 Nf6 3. Nc3 e6 4. Nf3 Bb4 5. Bd2 Nc6 6. Be2 Bd7 7. 0-0 Bxc3 8. Bxc3 0-0 9. Ne5 Nxe5 10. dxe5 Ne4 11. Bf3 Nxc3 12. bxc3 Qg5 13. c4 Qxe5 14. cxd5 Rad8 15. g3 Bb5 16. c4 Bxc4 17. Qd4 Qxd4 18. exd4 Bxf1 19. Rxf1 exd5 20. Bd1 c6 21. Ba4 Rfe8 22. Bd1 b5 23. a4 a6 24. a5 Re4 0-1

[Event "SN-2012-0-00453"]
[White "Sagi, Raju"]
[Black "Hahn, Christof"]
[Site "LSS email"]
[Round "?"]
[Result "0-1"]
[Date "2012.08.06"]
[WhiteElo "453"]
[BlackElo "1450"]
[PlyCount "64"]
[EventDate "2012.07.25"]
[EventType "tourn (corr)"]
[EventRounds "6"]
[EventCountry "GER"]
[SourceTitle "Telechess CBM 159"]
[Source "ChessBase"]
[SourceDate "2014.03.17"]
[SourceVersion "1"]
[SourceVersionDate "2014.03.17"]
[SourceQuality "1"]

1. d4 Nf6 2. Nf3 e6 3. Nc3 d5 4. e3 c5 5. Be2 Nc6 6. Ne5 Qc7 7. 0-0 Nxe5 8. dxe5 Qxe5 9. f4 Qc7 10. Bd2 Be7 11. Bb5+ Bd7 12. Bxd7+ Qxd7 13. b3 0-0 14. Na4 Rac8 15. c3 Ne4 16. Be1 b5 17. Nb2 c4 18. bxc4 Ba3 19. Nd3 bxc4 20. Ne5 Qc7 21. Qa4 Bb2 22. Rb1 Bxc3 23. Qc2 Bxe5 24. fxe5 c3 25. Bg3 Nd2 26. Be1 Nxb1 27. Qxb1 c2 28. Qc1 Rb8 29. Rf2 Rb1 30. Rxc2 Rxc1 31. Rxc7 Rxc7 32. Kf1 Rb8 0-1

[Event "SN-2012-0-00453"]
[White "Sagi, Raju"]
[Black "Wallerstorfer, Josef"]
[Site "LSS email"]
[Round "?"]
[Result "1-0"]
[Date "2012.08.06"]
[WhiteElo "453"]
[BlackElo "589"]
[PlyCount "87"]
[EventDate "2012.07.25"]
[EventType "tourn (corr)"]
[EventRounds "6"]
[EventCountry "GER"]
[SourceTitle "Telechess CBM 159"]
[Source "ChessBase"]
[SourceDate "2014.03.17"]
[SourceVersion "1"]
[SourceVersionDate "2014.03.17"]
[SourceQuality "1"]

1. d4 d5 2. e3 Nf6 3. Nf3 Bg4 4. Be2 e6 5. h3 Bh5 6. 0-0 Be7 7. Nc3 a6 8. Ne5 Bxe2 9. Qxe2 0-0 10. e4 c6 11. Qe3 Nbd7 12. Nxd7 Qxd7 13. e5 Ne8 14. Qg3 g6 15. Bg5 Bxg5 16. Qxg5 Ng7 17. f4 Nf5 18. h4 Ne3 19. Rf2 Nf5 20. Ne2 Qc7 21. Ng3 Nxg3 22. Qxg3 Qb6 23. h5 Qxb2 24. Rff1 Qxd4+ 25. Kh1 Qe4 26. Rf2 Qf5 27. Rb1 b5 28. Ra1 Kh8 29. Qg5 Qxg5 30. fxg5 gxh5 31. g3 Ra7 32. Rh2 Kg7 33. Rxh5 Kg6 34. g4 d4 35. Rh6+ Kxg5 36. Rxh7 Kxg4 37. Rf1 c5 38. Rg7+ Kh5 39. Rf6 Re7 40. Rh7+ Kg5 41. Rhh6 Rg8 42. Rh2 Rf8 43. Rg2+ Kh4 44. Rh6# 1-0

[Event "SN-2012-0-00442"]
[White "Sagi, Raju"]
[Black "Popov, Misha"]
[Site "LSS email"]
[Round "?"]
[Result "0-1"]
[Date "2012.06.21"]
[WhiteElo "426"]
[BlackElo "937"]
[PlyCount "44"]
[EventDate "2012.06.07"]
[EventType "tourn (corr)"]
[EventRounds "6"]
[EventCountry "GER"]
[SourceTitle "Telechess CBM 153"]
[Source "ChessBase"]
[SourceDate "2013.03.14"]
[SourceVersion "1"]
[SourceVersionDate "2013.03.14"]
[SourceQuality "1"]

1. e4 c5 2. d3 Nc6 3. Nf3 e5 4. Be2 d6 5. 0-0 Be7 6. Nc3 Nf6 7. Nd5 Nxd5 8. c4 Nf6 9. b3 h6 10. Bd2 Bg4 11. h3 Bh5 12. a3 0-0 13. Qe1 Bxf3 14. Bxf3 Nd4 15. Rc1 Nxb3 16. Rb1 Nd4 17. Rxb7 Nxf3+ 18. gxf3 Nd7 19. Kh1 Nb6 20. Ba5 Bh4 21. Rg1 Qc8 22. Rxb6 Qxh3# 0-1

[Event "SN-2012-0-00427"]
[White "Neil, Charles"]
[Black "Sagi, Raju"]
[Site "LSS email"]
[Round "?"]
[Result "1-0"]
[Date "2012.03.26"]
[WhiteElo "615"]
[BlackElo "426"]
[PlyCount "49"]
[EventDate "2012.02.21"]
[EventType "tourn (corr)"]
[EventRounds "6"]
[EventCountry "GER"]
[SourceTitle "Telechess CBM 153"]
[Source "ChessBase"]
[SourceDate "2013.03.14"]
[SourceVersion "1"]
[SourceVersionDate "2013.03.14"]
[SourceQuality "1"]

1. e4 e5 2. Nf3 d6 3. Nc3 Nf6 4. d4 Be7 5. dxe5 0-0 6. exf6 Bxf6 7. Nd5 Nc6 8. Nxf6+ Qxf6 9. Bg5 Qxb2 10. Bd3 Qc3+ 11. Bd2 Qb2 12. 0-0 Nb4 13. e5 dxe5 14. Rb1 Qa3 15. Bxb4 Qxa2 16. Bxf8 Kxf8 17. Re1 Be6 18. Rxe5 Rd8 19. Ng5 h6 20. Nxe6+ fxe6 21. Qf3+ Kg8 22. Rbe1 Qb2 23. Rxe6 b6 24. Re8+ Rxe8 25. Rxe8# 1-0